• AIU
  • Tony Wilmot Memorial Library

Nkuku na mwewe = The hen and the hawk / (Record no. 45394)

MARC details
000 -LEADER
fixed length control field 00804nam a22002297a 4500
003 - CONTROL NUMBER IDENTIFIER
control field OSt
005 - DATE AND TIME OF LATEST TRANSACTION
control field 20110718134518.0
008 - FIXED-LENGTH DATA ELEMENTS--GENERAL INFORMATION
fixed length control field 100406t xxu||||| |||| 00| 0 eng d
020 ## - INTERNATIONAL STANDARD BOOK NUMBER
International Standard Book Number 9966001484
040 ## - CATALOGING SOURCE
Original cataloging agency NEGST Library - Kenya
Transcribing agency NEGST Library - Kenya
Modifying agency NEGST Library - Kenya
050 14 - LIBRARY OF CONGRESS CALL NUMBER
Classification number PL 8603.2
Item number .K66 2003
100 1# - MAIN ENTRY--PERSONAL NAME
Personal name Komora, Molet.
9 (RLIN) 3155
245 ## - TITLE STATEMENT
Title Nkuku na mwewe = The hen and the hawk /
Statement of responsibility, etc written by Molet Komora ; illustrated by Allen Nsange.
246 11 - VARYING FORM OF TITLE
Title proper/short title The hen and the hawk.
260 ## - PUBLICATION, DISTRIBUTION, ETC. (IMPRINT)
Place of publication, distribution, etc Nairobi, Kenya :
Name of publisher, distributor, etc BTL,
Date of publication, distribution, etc 2003.
300 ## - PHYSICAL DESCRIPTION
Extent 15 p. :
Other physical details ill. ;
Dimensions 21 x 30 cm.
500 ## - GENERAL NOTE
General note "A read myself Pokomo MTE Book."
500 ## - GENERAL NOTE
General note Text in Pokomo with some English.
650 ## - SUBJECT ADDED ENTRY--TOPICAL TERM
Topical term or geographic name as entry element Pokomo language
General subdivision Readers.
9 (RLIN) 3156
650 ## - SUBJECT ADDED ENTRY--TOPICAL TERM
Topical term or geographic name as entry element Pokomo language
General subdivision Texts.
9 (RLIN) 3158
942 ## - ADDED ENTRY ELEMENTS (KOHA)
Source of classification or shelving scheme Library of Congress Classification
Koha item type Books
Holdings
Withdrawn status Lost status Source of classification or shelving scheme Damaged status Not for loan Collection code Home library Current library Shelving location Date acquired Source of acquisition Cost, normal purchase price Full call number Barcode Date last seen Copy number Price effective from Koha item type
    Library of Congress Classification     General Circulation AIU/NEGST - Tony Wilmot Memorial Library AIU/NEGST - Tony Wilmot Memorial Library General Stacks 04/06/2010 Donation - BTL 5.00 PL 8603.2.K66 2003 R40216L3232 09/26/2019 1 04/06/2010 Africana collection (General)